Thailand Immigration by Country - Statistics

General Stats
  • This quiz has been taken 209 times
  • The average score is 16 of 20
Answer Stats
# People Country of Origin % Correct
95,000 China
98%
970,500 Laos
95%
5,000 United States
95%
1,500 Malaysia
94%
2,050,000 Myanmar
94%
13,250 India
93%
730,000 Cambodia
92%
62,100 Vietnam
92%
13,200 Japan
89%
2,600 United Kingdom
89%
1,100 South Korea
88%
1,500 France
81%
1,800 Australia
79%
2,800 Germany
79%
1,600 Philippines
75%
1,800 Bangladesh
72%
3,120 Pakistan
67%
17,000 Nepal
62%
12,500 Sri Lanka
57%
2,250 New Zealand
55%
No matching quizzes found
Score Distribution
Percent of People with Each Score
Percentile by Number Answered
Your Score History
You have not taken this quiz